000 00561nam a2200169 i 4500
001 79359
003 ES-MaACL
005 20230906173948.0
007 t|
008 041021s1916 sp ||||1| spa d
100 1 _aHermosilla, Diego de.
_962765
245 1 0 _aDiálogo de la vida de los pajes de palacio /
_ccompuesto por Diego de Hermosilla ; edited with an introduction and notes by Donald Mackewzie.
260 _aValladolid :
_bViuda de Montero,
_c1916.
300 _a255 p. ;
_c25 cm.
700 1 _aMackewzie, Donald.
_975255
852 _aES-MaACL
_jF-1462
999 _c79359
_d79359